ADVANTECH - nové procesorové karty pre IPC

Bibliographic Details
Main Author: Fótyi, Ladislav (Author)
Format: Article
Language:Slovak
PhysicalDescription:Obr.
ISSN:1335-2237
Subjects:

MARC

LEADER 00000nab a2200000 a 4500
001 vtls000683505
003 SK-MaSNL
005 20260304093759.0
008 250425c1998 xo 0 slo
015 |a SNBRB1999/01-01830 
035 |a CLN000035672 
035 |a urn:nbn:sk:snk-abbsde 
035 |a (urnnbn)urn:nbn:sk:snk:ar-000x8d 
035 |a (uuid)619e5c7d-0ace-40e5-b1c1-36a99ad84e01 
040 |a SNKBUCL  |b slo  |c SNKBUCL  |e AACR2 
041 0 |a slo 
044 |a xo  |c SK 
080 |a 681.3.02:061.5  |2 1997 
100 1 |a Fótyi, Ladislav  |4 aut  |9 1389325 
245 1 0 |a ADVANTECH - nové procesorové karty pre IPC  |c Ladislav Fótyi 
300 |b Obr. 
610 7 |a Advantech  |x karty procesorové  |2 snkbucl  |9 1389326 
650 0 7 |a karty procesorové  |2 snkbucl  |9 1389327 
655 7 |a články z novín a časopisov  |2 snkbucl  |9 267496 
773 0 |t AT&P journal  |g Roč. 5, č. 10 (1998), s. 40-41  |x 1335-2237 
850 |a Slovenská národná knižnica 
852 |a Slovenská národná knižnica 
954 |a odborná, vedecká literatúra pôvodná (slovenská)  |2 lita 
958 |a article15 
958 |a OND 
958 |a EUIPO 
992 |a RBX 
999 |c 2824513  |d 2826443